00374nam a2200145Ia 4500008004100000020001500041041000800056082001700064100005600081245002500137250000600162260002700168300001300195650002000208210716s2004 xx 000 0 und d a0072523514 aeng a657.046 HOYJ aHoyle, Joe B;Schaefer, Thomas F;Doupnik, Timothy S. aAdvanced accounting. a7 aNew DelhibIrwinc2004 axxii,901 aCost Accounting